000 00558nam a2200145Ia 4500
008 100122s9999 xx 000 0 und d
082 _b26374
_a823.08
100 _aशेखर
245 _aसर्कस सुंदरी आणि इतर रहस्य कथा
260 _bअंजु प्रकाशन
_c1978
300 _a159
630 _aसर्कस सुंदरी आणि इतर रहस्य कथा
730 _aसर्कस सुंदरी आणि इतर रहस्य कथा
942 _cBOOK
999 _c412869
_d412866